| 000 | 01014 a2200205 4500 | ||
|---|---|---|---|
| 003 | NUST | ||
| 005 | 20230124182441.0 | ||
| 010 | _a2007583592 | ||
| 040 | _cNust | ||
| 082 | _a823,KIP | ||
| 100 |
_aKipling, Rudyard, _927956 |
||
| 245 |
_aThe second jungle book / _cRudyard Kipling ; _hwith decorations by Lockwood Kipling |
||
| 250 | _aSchool ed. | ||
| 260 |
_aLondon _bMacmillian _c1936 |
||
| 300 |
_a299 p.; _billus _c18 cm |
||
| 505 | _aHow Fear Came (Page-3),The Law Of The Jungle (Page-29),The Miracle Of Purun Bhagat (Page-35),A Son Of Kabir (Page-58),Letting In The Jungle (Page-61),Mowgali,S Song Against People (Page-104),The Undertakers (Page-109),A Ripple Song (Page-144),The Kings Ankus (Page-147),The Song Of The Little Hunter (Page-76), Quiquern(Page-181), Angutivaun Taina(Page-217),Red Dog (Page-221),Chil,S Song (Page-259),The Spring Running (Page-263),The Out Song (Page-296). | ||
| 600 |
_aKipling, Rudyard, _927956 |
||
| 650 |
_aThe second jungle book _9107571 |
||
| 942 |
_2ddc _cBK _k823,KIP |
||
| 999 |
_c186351 _d186351 |
||